000 00271nam a22001217a 4500
999 _c5243
_d5243
008 250828b ||||| |||| 00| 0 eng d
020 _a9789813482012
082 _a741.5 STE
100 _eTELGEMEIR,RAINA
_lENGLISH
245 _aGUTS
260 _bSCHOLASTIC
942 _2ddc